Geography Quiz

Random Geography or City Quiz

100 Largest Cities of Italy Quiz Stats

 Plays Quiz Updated Jun 27, 2017

Support Sporcle.
Go Orange.
Score 0/100 Timer 12:00
33 Plays Today
Rank City % Correct
1.Roma
98.9%
2.Milano
95.2%
3.Napoli
92.4%
11.Venezia
91.9%
8.Firenze
90.4%
4.Torino
88.6%
5.Palermo
82.9%
6.Genova
81.4%
7.Bologna
78.5%
9.Bari
74.5%
12.Verona
74.2%
55.Pisa
71.7%
18.Parma
66%
15.Trieste
65.2%
26.Cagliari
63.5%
10.Catania
62.9%
14.Padova
60.7%
13.Messina
58.3%
20.Modena
56.7%
48.Udine
56.2%
37.Bergamo
55.5%
17.Brescia
55%
28.Rimini
53.4%
25.Livorno
53.4%
50.Lecce
52%
21.Reggio di Calabria
51.5%
23.Perugia
50.6%
35.Siracusa
50%
62.Como
49.5%
29.Salerno
49.5%
16.Taranto
49%
39.Trento
48.4%
45.Ancona
48.2%
24.Ravenna
47.1%
Rank City % Correct
36.Pescara
44.6%
42.Bolzano
43.3%
27.Foggia
43.2%
40.Vicenza
43.1%
22.Reggio nell'Emilia
42.7%
34.Monza
42.6%
30.Ferrara
41.9%
60.Brindisi
41.6%
54.La Spezia
41.5%
59.Lucca
41.3%
19.Prato
40.3%
44.Piacenza
39.9%
31.Sassari
37%
32.Latina
35.9%
63.Treviso
34.9%
85.L'Aquila
34.5%
43.Novara
33.8%
53.Alessandria
33.5%
79.Cremona
33.3%
38.Forlì
33.1%
47.Arezzo
32.8%
72.Asti
32.5%
95.Crotone
32.3%
49.Cesena
32.1%
56.Catanzaro
31.7%
69.Varese
30.8%
41.Terni
30.5%
90.Potenza
29.6%
100.Savona
28.7%
84.Imola
28.5%
87.Trapani
28.2%
78.Pavia
27.5%
88.Cosenza
27.4%
77.Ragusa
26.5%
Rank City % Correct
66.Grosseto
26%
73.Caserta
25.2%
57.Pistoia
25%
46.Andria
24.7%
86.Massa
24.5%
80.Carpi
24.4%
51.Pesaro
24.3%
98.Carrara
24.3%
89.Viterbo
24.1%
65.Marsala
23.4%
70.Fiumicino
22.3%
52.Barletta
21.3%
99.Viareggio
20.2%
33.Giugliano in Campania
19.3%
75.Gela
19.3%
61.Torre del Greco
18.1%
76.Aprilia
17.1%
97.Caltanissetta
16.6%
93.Vittoria
16.3%
68.Pozzuoli
16.1%
67.Sesto San Giovanni
15.9%
64.Busto Arsizio
14.7%
82Lamezia Terme
14.2%
92.Afragola
13.4%
81.Quartu Sant'Elena
13.1%
91.Castellammare di Stabia
12.8%
71.Casoria
12.7%
83.Altamura
12.4%
58.Guidonia Montecelio
11.5%
94.Vigevano
11.2%
96.Pomezia
10.9%
74.Cinisello Balsamo
10.8%

You're not logged in!

Compare scores with friends on all Sporcle quizzes.
OR
Log In
Forgot?

From the Vault

Band Duos by Picture

by SporcleEXP

They don't have to be dynamic but it helps.
Remove Ads.
Support Sporcle.
Get the best of Sporcle when you Go Orange. This ad-free experience offers more features, more stats, and more fun while also helping to support Sporcle. Thank you for becoming a member.

Show Comments

Extras

Top Quizzes Today


Score Distribution

Your Account Isn't Verified!

In order to create a playlist on Sporcle, you need to verify the email address you used during registration. Go to your Sporcle Settings to finish the process.

Report this User

Report this user for behavior that violates our Community Guidelines.

Details: